[Event "Gibraltar Masters 10th"]
[Site "Caleta"]
[Date "2012.01.27"]
[Round "4"]
[White "Le, Quang Liem"]
[Black "Felgaer, Ruben Alejandro"]
[Result "1-0"]
[WhiteElo "2714"]
[BlackElo "2571"]
[Annotator "Le Quang Liem"]
[PlyCount "107"]
[EventDate "2012.01.24"]
[EventType "swiss"]
[EventRounds "10"]
[EventCountry "GGB"]
[SourceTitle "CBM 147"]
[Source "ChessBase"]
[SourceDate "2012.03.16"]
[SourceVersion "1"]
[SourceVersionDate "2012.03.16"]
[SourceQuality "1"]

{Generally speaking, I played quite well in Gibraltar. As for annotating a
game for ChessBase Magazine, I decided that this was my most interesting game
of the tournament.} 1. d4 d5 2. c4 c6 3. Nc3 dxc4 4. e4 b5 5. a4 b4 6. Nb1 {
This knight retreat is not considered to be the main line, but it's not new at
all. White's idea is to keep the knight a bit more active (comparing to the
more or less "restricted" square a2). On the other hand, White has to
sacrifice a pawn for his quick development.} ({A more frequently played move is
} 6. Na2 {when play might continue} Nf6 7. e5 Nd5 8. Bxc4) 6... Ba6 7. Qc2 e5 {
According to my database, there is only one game that had reached this
position before. I did not pay much attention to it in my preparation, so I
was out of book pretty early.} ({It is known that White has compensation for
the pawn after} 7... Qxd4 8. Nf3 Qd7 (8... b3 9. Nxd4 bxc2 10. Nxc2 Nf6 11. f3
e6 12. Nba3 $36) (8... Qb6) 9. Bxc4 e6 10. O-O {Whether it is enough for an
advantage or not, I think this position needs more practical tests.}) 8. Nf3 (
8. dxe5 $6 {is wrong because of} Qa5 {and Black takes the upper hand.} 9. Be3
Nd7 $15) 8... b3 9. Qc3 Qb6 ({In the game Sargissian-Balogh, World Team
Championship 2011, Black opted for} 9... Nf6 10. Bxc4 (10. Nbd2 $5) 10... exd4
11. Qxb3 Bxc4 12. Qxc4 c5 13. b4 Nc6 14. Ba3 Be7 15. bxc5 Nxe4 $11 {with an
eventual draw. Obviously there is room for improvements. I feel that White can
still fight for a small opeing advantage with my suggestion on move 10.}) 10.
a5 ({Perhaps the strongest move is} 10. Bd2 $5 exd4 ({Black cannot play} 10...
Nf6 $2 11. Nxe5 Nxe4 12. Qe3 {and due to the vulnerable queen, Black is not
able to take on d2.}) 11. Nxd4 Nf6 (11... Nd7 12. Na3) 12. f3 Nbd7 (12... Bc5
13. a5 (13. Nf5 {Unfortunately, this tempting move doesn't quite work} Bf2+ 14.
Ke2 O-O 15. Bh6 Re8 16. Bxg7 Nbd7 $13) 13... Qc7 (13... Bxd4 14. axb6 Bxc3 15.
Bxc3 axb6 16. Bxc4 $14) 14. Na3 {White is positionally better.}) 13. a5 Qc7 14.
Na3 {White is slightly better, as he is going to gain his pawn back with a
good pawn structure and harmoniously placed pieces.} (14. Bxc4 Bxc4 15. Qxc4
Ne5 16. Qc3 Bb4 $13)) 10... Qb7 11. Bd2 exd4 12. Qxd4 (12. Nxd4 {I would very
much have liked to capture with the knight, but it was no longer good.} c5 {
and the difference between positions of the black queen (b6 and b7) tells.})
12... c5 13. Qd5 Nc6 (13... Qxd5 {is another possibility. Black goes for the
endgame, which should be equal as well.} 14. exd5 Nf6 15. Nc3 Bd6 16. Ra4 O-O
17. Bxc4 Re8+ 18. Be3 Bxc4 19. Rxc4 Nbd7 20. O-O Rab8 $11) 14. Bxc4 Nf6 15. Qd3
(15. Bxa6 Qxa6 16. Qxb3 {gives White nothing, as Black can simply take the pawn
} Nxe4 ({or} 16... Bd6) 17. Qa4 Nxd2 18. Nbxd2 O-O-O $11) 15... Nb4 16. Bxb4
Qxb4+ 17. Nbd2 Bxc4 18. Qxc4 Qxc4 19. Nxc4 Nxe4 {After forced sequences, Black
is now a pawn up. That is only temporary of course, as he will have to give it
back in order to finish development. The question is whether White has enough
time to create some pressure or not.} 20. O-O (20. O-O-O {looks nice, but is
nothing special for White.} Be7 21. Rhe1 f5 22. Rd3 O-O 23. Rxb3 Bf6) 20... Be7
21. Rfe1 f5 22. Ra3 O-O 23. Rxb3 {Black is very close to equality. His pieces
may compensate for the slightly weakened pawn structure. But here he made a
mistake with a natural-looking move} Rab8 $6 ({Probably Black did not want to
allow the penetration of White's rook to the seventh rank after} 23... Bf6 24.
Rb7 Rfb8 25. a6 {but actually this is not so dangerous} Rxb7 $1 26. axb7 Rb8
27. Na5 (27. g4 Rxb7 28. gxf5 Re7) 27... Nd6 28. Ne5 Bxe5 29. Rxe5 Nxb7 30. Nc6
Rf8 $11) 24. Rxb8 Rxb8 25. Nfe5 {White's main hope is connected with the
domination of his strong knights and the vulnerability of Black's queenside
pawns. Black would be fine if he managed to exchange a pair of knight, but he
does not have time for that.} Rb4 26. Rd1 {Not allowing ...Nd6. I wanted to
force my opponent into a passive defence.} (26. f3 Nd6 27. Nc6 Bh4 28. Nxb4
Bxe1 29. Nxd6 Bxb4 30. a6 c4 $1 31. Nxc4 Bc5+ 32. Kf1 Kf7 {I am not sure White
can win this endgame.}) 26... Bf6 $6 ({It was time to play} 26... Nf6 27. f3 (
27. g3 Ng4) 27... Kf8 28. Kf2 Ke8 29. Ke2 g6 {White is clearly better, but
maybe Black can still hold it. At least there is no direct threat at the
moment, and Black may have the possible manoeuvre Nf6-h5-g7-e6}) 27. f3 (27.
Rd7 {is premature because of} Bxe5 (27... Ra4 28. g3 a6 29. Ra7 h5 30. Rxa6 Nd2
31. Nxd2 Bxe5 32. b3 {is also not easy to convert the advantage for White.}) (
27... Nc3 28. Rxa7 g6 29. f4) 28. Nxe5 h6 29. f3 Nf6 30. Rxa7 Rxb2 31. a6 Ra2 {
Black keeps decent drawing chances.}) 27... Ng5 28. Rd7 Nf7 {Black tries to
solve his problem by tactical means} (28... a6 29. Ra7 h6 30. Rxa6 Bxe5 31.
Nxe5 Rxb2 32. h4 $18) 29. Nxf7 (29. Rxf7 Rxc4 30. Rxg7+ Kxg7 31. Nxc4 Kf7 {
Black can still defend tenaciously despite being a pawn down.}) 29... Rxc4 30.
Rxa7 {White's passed pawn is well-supported with his rook and knight. White
should be winning, although it requires accuracy.} Bd4+ (30... Bxb2 {is more
persistent} 31. Nd6 Rc1+ 32. Kf2 g6 33. Nb5 $1 Bd4+ 34. Ke2 Rb1 35. Nxd4 cxd4
36. Kd3 Rd1+ 37. Kc4 d3 38. a6 $16) 31. Kf1 Rc1+ 32. Ke2 c4 33. Rb7 Rc2+ 34.
Kd1 Rxg2 35. Nd6 $1 (35. a6 $2 {falls into the trap Black has set up} Rg1+ 36.
Kc2 Rg2+ 37. Kb1 Rg1+ {and White's king cannot go to a2 due to ...Rg6}) 35...
g6 36. Nxc4 Rxh2 37. a6 Rh1+ 38. Ke2 Ra1 39. Rd7 $1 {White forces the exchange
of rooks. Computers do not evaluate this plan correctly, but in my opinion
that is the most human way. The rest is more or less forced and is just a
matter of technique and calculation.} Bg1 40. Rd1 Rxd1 41. Kxd1 Kf7 42. Ke2 f4
{Black has to stop Ne3.} 43. Kf1 Bd4 44. b4 {White's plan is clear: give two
queenside pawns for the bishop, and then collect the kingside pawns. White
must be careful not to allow Black to exchange his f-pawn} (44. Ne5+ Ke6 45.
Nc6 Be3 46. a7 Bxa7 47. Nxa7 Kd5 {also might win for White, but I find this
continuation a bit more difficult to calculate than the text move. The black
king is now very active, therefore it's not easy to attack the black pawns.})
44... Ke6 45. b5 Kd5 46. b6 Kc6 47. a7 Kb7 48. Na5+ Ka8 49. b7+ Kxa7 50. Nc6+
Kxb7 51. Nxd4 {Now White knight is much closer to the kingside than the black
king, so Black has no defence.} g5 (51... Kc7 52. Ne6+ Kd6 53. Nf8 $1 Ke5 54.
Nxh7 Kf5 55. Kg2 g5 56. Kh3 $18) 52. Ne6 h6 53. Nd8+ Kc7 54. Nf7 {Just in time!
} 1-0

[Event "EU-ch 12th"]
[Site "Aix les Bains"]
[Date "2011.03.30"]
[Round "8"]
[White "Khismatullin, Denis Rimovich"]
[Black "Vitiugov, Nikita"]
[Result "0-1"]
[WhiteElo "2662"]
[BlackElo "2720"]
[Annotator "Marchand,A/Primel,D"]
[PlyCount "74"]
[EventDate "2011.03.22"]
[EventType "swiss"]
[EventRounds "11"]
[EventCountry "FRA"]
[SourceTitle "CBM 142 Extra"]
[Source "ChessBase"]
[SourceDate "2011.06.27"]
[SourceVersion "1"]
[SourceVersionDate "2011.06.27"]
[SourceQuality "1"]
[TimeControl "40/5400+30:1800+30"]

1. d4 d5 2. c4 c6 3. Nc3 dxc4 (3... Nf6 {La grande ligne}) 4. e4 (4. a4 $143 e5
5. dxe5 Qxd1+ 6. Kxd1 Na6 $132 {Azmaiparashvili,Z (2660)-Gulko,B (2615) San
Roque 1996 (1) 1/2}) (4. e3 b5 5. a4 b4 6. Ne4) 4... b5 5. a4 b4 6. Nb1 (6. Na2
{La grande ligne} Nf6 7. e5 Nd5 8. Bxc4 e6 (8... Bf5 9. Ne2 e6 10. Ng3 Bg6 11.
h4 h6 12. h5 Bh7 13. O-O $6 (13. Qg4 $142 {[%csl Rg7]} Nd7 14. O-O N7b6 15. Bb3
a5 16. Bd2 $14 {Bartel inf 114}) 13... Qh4 $132 {[%csl Rh5];Wojtaszek,R (2706)
-Bartel,M (2658) POL-ch Warsaw 2012 (4) 0-1}) 9. Nf3 Be7 10. Bd2 a5) (6. Nce2 {
L'alternative} Nf6 7. Ng3 Ba6) 6... Ba6 7. Qc2 (7. Nf3 e6) (7. Be3 Nf6 8. f3 e5
$132) 7... Nf6 (7... e5) 8. Nd2 {La tentative d'amélioration sur une partie
précédente de l'adversaire} (8. Bxc4 {Akobian,V (2628)-Vitiugov,N (2692) WchT
7th Bursa 2010 (3.4) 0-1}) 8... e6 $146 (8... c3 9. Bxa6 Nxa6 10. bxc3 e6 {
Onischuk,A (2701)-Caruana,F (2697) Reggio Emilia 53rd 2010 (7) 1/2}) 9. Bxc4
Bxc4 10. Qxc4 (10. Nxc4 $5 {Les Blancs ont des bonnes compensations après ce
gambit} Qxd4 11. f3 {[%cal Gc1e3]} Be7 12. Bf4 {[%cal Ga1d1]} (12. Ne2) (12.
Be3 Qd8 13. Rd1 Nbd7 (13... Qc7) 14. Ne2 O-O 15. O-O c5) 12... O-O 13. Rd1 Qc5
14. Ne2 Nbd7 15. Be3 $36) 10... c5 $1 11. Ngf3 (11. dxc5 Nbd7 12. Nb3 Rc8 13.
Be3 Ng4 14. Bd4 e5 15. h3 exd4 16. hxg4 Nxc5 (16... Bxc5) 17. Nf3 $14) 11...
Nbd7 12. O-O cxd4 {[%cal Ga8c8,Gc8c4]} (12... Be7 13. e5 Nd5 14. Ne4 (14. Nb3)
14... cxd4 15. Qxd4 O-O) 13. e5 {[%cal Gd2e4]} Nd5 14. Nb3 {[%csl Gc5][%cal
Gb3d4,Gc1g5]} (14. Ne4 Rc8 (14... Qb6 15. a5) 15. Qxd4 Bc5 16. Nxc5 Nxc5 17.
Qg4 {[%csl Rg7]} g6 (17... O-O 18. Bh6) 18. Bh6 $16 {[%csl Re8]}) 14... Be7 15.
Qxd4 (15. Nbxd4 Rc8 $132) 15... Qc7 (15... O-O 16. Qg4 {[%cal Gc1h6]}) 16. Qe4
Rc8 17. Nbd4 {[%cal Gd4b5,Gb5c7,Gb5d6]} O-O 18. Bd2 Qc4 (18... a5 19. Rac1 Nc5
$11 {[%cal Gc7d7,Gc5e4,Gc5a4]}) (18... Nc5) 19. Rfd1 (19. Rac1 Qa6 20. b3 Nc5 (
20... Nc3)) 19... Nc5 20. Qg4 $1 {[%cal Gd2h6,Gg4g8]} Rfd8 21. Bh6 $36 (21.
Rac1 $5 Qa6 {[%csl Ra6]} 22. b3 Bf8) 21... Bf8 22. Bg5 Rd7 23. h3 b3 {[%csl
Rb2]} (23... Nb3 $5 24. Nxb3 Qxb3 {[%cal Gb3b2]}) 24. Nd2 Qb4 $1 25. N4xb3 $2 (
25. N2f3 $142 $13) (25. Ne4 h5 $1) 25... Qxg4 26. hxg4 Nd3 $36 {[%csl Gd3]
[%cal Gd3b2,Gd3e5]} 27. Nf3 Nxb2 28. Rdb1 Nd3 $19 29. Nbd2 h6 30. Bh4 Nc3 31.
Rb3 Nxe5 32. Nxe5 Rxd2 33. Rb7 g5 34. Bg3 Ne2+ 35. Kf1 Nxg3+ 36. fxg3 Rcc2 37.
Rxf7 Bg7 0-1

[Event "Andorra op 16th"]
[Site "Andorra"]
[Date "1998.??.??"]
[Round "5"]
[White "Marin, Mihail"]
[Black "Hauchard, Arnaud"]
[Result "1/2-1/2"]
[WhiteElo "2545"]
[BlackElo "2480"]
[Annotator "Marin,M"]
[PlyCount "62"]
[EventDate "1998.06.??"]
[EventType "swiss"]
[EventRounds "9"]
[EventCountry "AND"]
[SourceTitle "EXT 2003"]
[Source "ChessBase"]
[SourceDate "2002.11.25"]
[SourceVersion "1"]
[SourceVersionDate "2002.11.25"]
[SourceQuality "1"]

1. c4 c6 2. d4 d5 3. cxd5 cxd5 4. Bf4 Nc6 5. e3 Nf6 6. Nc3 a6 7. Bd3 Bg4 8.
Nge2 e6 9. Rc1 Bd6 10. f3 Bh5 11. O-O Bg6 12. Bxd6 Qxd6 13. Nf4 Nd7 14. Qb3 (
14. Nxg6 hxg6 15. f4 g5 $5 16. Qg4 gxf4 17. Qxg7 O-O-O 18. Rxf4 (18. exf4 Kb8
$44) 18... f5 $44 19. Qg3 Rdg8 20. Qf3 Nf6) 14... Qb4 (14... Nxd4 15. Qxb7 O-O
16. Nxg6 hxg6 (16... Rfb8 17. Qc7 $3 Qxc7 18. Nxd5 $18) 17. exd4 Rfb8 18. Ne4
dxe4 19. Qxe4 f5 (19... Nf6 20. Qe5) 20. Qe3 Rxb2 21. Bc4 $14) (14... Na5 15.
Qa4 Bxd3 16. Nxd3 Nc4 17. Nc5 Qc6 $1 (17... Nxe3 18. Rfe1 Nc4 19. Nxb7 Qf4 20.
Nxd5 Qxd4+ 21. Ne3 $16) 18. Qxc6 (18. Nxd7 Kxd7 19. e4 $14) 18... bxc6 19. Nxd7
Kxd7 20. Nd1 $14 a5 21. b3 Nb6 22. Nb2 Kd6 (22... a4 23. Nd3 axb3 24. Ne5+ Ke8
25. axb3 $16) 23. Nd3 Rhc8 24. e4 $14) 15. Qxb4 Nxb4 16. Bxg6 hxg6 17. e4 $14
g5 (17... dxe4 18. Nxe4 Ke7 (18... Nxa2 19. Rc7 b6 20. Nd6+ Kd8 21. Ra7 $3 Ke7
22. Nxf7 $16) 19. Rc7 b6 20. Rfc1 Nxa2 21. R1c6 Nb4 22. Rxb6) 18. Nh3 dxe4 19.
Nxe4 (19. Nxg5 exf3 20. Rxf3 Nf6) (19. fxe4 f6) 19... f6 20. f4 (20. Rc7 Rb8 (
20... b6) 21. Rxb7 (21. Nc5 Nxc5 22. dxc5 O-O $13) 21... Rxb7 22. Nd6+ Ke7 23.
Nxb7 Rb8 $15) 20... g4 (20... gxf4 21. Nxf4 $16) 21. Nhf2 Ke7 (21... Nxa2 22.
Rc7 $14) 22. Nc3 f5 (22... Nb6 23. Nxg4 Rhd8 24. Rfd1 Nc6 25. Ne2 $16) 23. a3
Nc6 (23... Nd5 24. Nxd5+ exd5 25. Rc7 Rab8 26. Rfc1 $16) 24. d5 exd5 25. Nxd5+
Kf7 26. h3 (26. Rfd1 Rad8 (26... Nf6 27. Nxf6 Kxf6 28. Rd7 $16) 27. Ne3 Ke6 (
27... g6 28. Nc4 $16) (27... Kf6 28. Rd6+ $18) (27... Kg6 28. Nc4) 28. h3 $14
gxh3 29. Nxh3 Nb6 30. Ng5+ Kf6) 26... gxh3 27. Nxh3 Nf6 28. Ng5+ Kg6 29. Nxf6 (
29. Rxc6 bxc6 30. Ne7+ Kh5) 29... Kxf6 (29... gxf6 30. Nf3) 30. Rfe1 Rhe8 31.
Kf2 Rad8 (31... Rad8 32. Rxe8 Rxe8 33. Rd1 Rd8 34. Rxd8 Nxd8 35. Ke3 Ne6 36.
Nxe6 Kxe6 37. Kd4 Kd6) 1/2-1/2

[Event "Dortmund SuperGM 41st"]
[Site "Dortmund"]
[Date "2013.07.28"]
[Round "3"]
[White "Andreikin, Dmitry"]
[Black "Wang, Hao"]
[Result "1/2-1/2"]
[WhiteElo "2727"]
[BlackElo "2752"]
[Annotator "Marin,M"]
[PlyCount "23"]
[EventDate "2013.07.26"]
[EventType "tourn"]
[EventRounds "9"]
[EventCountry "GER"]
[EventCategory "19"]
[SourceTitle "CBM 156"]
[Source "ChessBase"]
[SourceDate "2013.09.17"]
[SourceVersion "1"]
[SourceVersionDate "2013.09.17"]
[SourceQuality "1"]

1. d4 d5 2. c4 c6 3. cxd5 cxd5 4. Bf4 Nc6 5. e3 Nf6 6. Nc3 a6 7. Be2 $5 ({
If White intends to delay the king's knight's development in order to cause
Black some problems with his c8-bishop,} 7. Bd3 Bg4 8. Nge2 {is the more
popular move order.}) 7... Bf5 8. g4 {This is White's main idea.} Be6 $5 {
This was played only once before and may have been unexpected by Andreikin.} ({
All the legal retreats have been tried in practice, but} 8... Bg6 {is the most
popular among them. There are several games played by Azmaiparashvili
available, for instance} 9. Qb3 e6 10. Qxb7 Na5 11. Qc7 Qxc7 12. Bxc7 Bb4 13.
Nf3 (13. f3 Nc4 14. Bxc4 dxc4 15. Nge2 Nd5 16. Bf4 Bd3 17. O-O-O Nxc3 {1/2
Azmaiparashvili,Z (2655)-Morovic Fernandez,I (2570)/Las Palmas 1993/CBM 036/
[Hertneck]}) 13... Nc4 14. Bxc4 dxc4 15. Nd2 Bd3 16. g5 Bxc3 17. bxc3 Nd5 18.
Bg3 {1/2 Azmaiparashvili,Z (2655)-Akopian,V (2615)/Wijk aan Zee 1993/CBM 034/
[Hertneck]}) 9. h4 $146 {White prepares to gain massive anounts of space.} ({
The previously played} 9. Bf3 {, putting pressure on d5, is not bad, actually.}
h6 10. h4 Qb6 ({Maybe Black should have taken the bull by the horns with} 10...
Nd7 $6 {, getting the knight out of the g-pawn's range and preparing ...Nd7-b6.
If} 11. Bxd5 Bxd5 12. Nxd5 Qa5+ 13. Nc3 e5 $44 {Black's advance in development
should compensate for the pawn.}) 11. g5 (11. Rb1 $5 g6 12. b4 $5 $14) 11...
hxg5 12. hxg5 Rxh1 13. Bxh1 Nh5 (13... Ne4 14. Nxe4 dxe4 15. Bxe4 Qxb2 16. Rb1
Qxa2 17. Rxb7 $36) 14. Bh2 Rd8 15. Nge2 $16 {Glavina Rossi,P (2435)-Kogan,A 
(2539)/Zaragoza 2003/EXT 2004 (1/2, 106)}) 9... Ne4 {Now it is easier to
anticipate the threat of g4-g5.} 10. Rc1 g6 {This offers White an early target
on g6 and does not contribute to the dynamic fight in any way, not in the
short term, at least.} (10... Qb6 $5) (10... Rc8 $5) 11. Qb3 {Tempting,
provocative, thematic, but not the only move.} (11. f3 $6 {[%cal Ge2h5]} Nxc3
12. Rxc3 h5 $1) (11. Bf3 $5 Nxc3 12. Rxc3 Bg7 13. h5 $14) (11. Nh3 $5) 11...
Na5 (11... b5 $2 {may lead to a fascinating tactical fight:} 12. Nxb5 $5 ({
The simple} 12. a4 Na5 13. Qc2 {looks good enough.}) 12... axb5 13. Qxb5 (13.
Bxb5 $2 Qa5+ {wins material or mates.}) 13... Bd7 (13... Qa5+ 14. Kf1 $1 {
and there is no fork on d2 anymore, while the pin is maintained.}) 14. Rxc6
Rxa2 15. Rc1 $3 e6 (15... Bxb5 16. Bxb5+ Qd7 17. Rc8#) 16. Qb7 {Black does not
have compensation for the pawn.}) 12. Qd1 {Too timid.} ({The critical move was
} 12. Qa4+ b5 ({If} 12... Bd7 13. Qd1 {Black would have to lose a tempo to
restore his coordination.}) 13. Nxb5 {This works once again, but this time
Black seems to have resources to maintain the equality. Not a dead equality,
but a fighting one!} axb5 14. Bxb5+ Bd7 15. Rc7 Nf6 16. g5 Nc6 (16... Bxb5 17.
Qxb5+ Nd7 18. h5 $36) 17. Qb3 e5 (17... Na5 18. Bxd7+ Nxd7 19. Qxd5 $14) 18.
Rxc6 Ne4 {[%cal Gd8a5]} 19. Rb6 (19. Nf3 Qa5+ 20. Kf1 Nd6 21. a4 Nxb5 22. Nxe5
Bxc6 23. Nxc6 Qxa4 24. Qxd5 Qd1+ 25. Kg2 Qg4+ {White should accept the draw
with 26.Kh2, since} 26. Bg3 $2 {pins the bishop allowing} Nd6 {wit a good
black regrouping.}) 19... exf4 20. Bxd7+ Qxd7 21. Rb8+ Rxb8 22. Qxb8+ Qd8 23.
Qe5+ Qe7 {White could deliver perpetual at once, or allow Black to choose one
of the numerous ways of doing it after} 24. Qxh8 $11) ({After} 12. Qd1 {
Black has no reason to avoid the repetition:} Rc8 (12... Bg7 $2 13. Nxe4 dxe4
14. Bc7 $18) 13. Nxe4 Rxc1 14. Qxc1 dxe4 15. Qc3 {[%csl Ga5,Gh8][%cal Gc3h8,
Gd4d5,Gf4c7]} Qd5 16. b3 $14) 1/2-1/2